| 000 | 00340nam a22001097a 4500 | ||
|---|---|---|---|
| 008 | 230605b xxu||||| |||| 00| 0 eng d | ||
| 082 |
_a333.72 _bKWS |
||
| 245 |
_aSecuring Forest Resources In the Mau Forests Complex _bReport of The Joint Enforcement Unit |
||
| 260 |
_aKenya _bJoint Enforcement Unit _c2010 |
||
| 300 | _a36 pages | ||
| 942 |
_2ddc _cBK |
||
| 999 |
_c331 _d331 |
||